Vista normal
Vista MARC
Entrada Materia (tema)
Número de registros utilizados en: 1
001 - CONTROL NUMBER
- control field: 38970
003 - CONTROL NUMBER IDENTIFIER
- control field: Co-BoUCM
005 - DATE AND TIME OF LATEST TRANSACTION
- control field: 20130611084043.0
008 - FIXED-LENGTH DATA ELEMENTS
- fixed length control field: 130611|| aca||aabn | a|a d
040 ## - CATALOGING SOURCE
- Original cataloging agency: Co-BoUCM
- Transcribing agency: Co-BoUCM
150 ## - HEADING--TOPICAL TERM
- Topical term or geographic name as entry element:
- Geographic subdivision: España
670 ## - SOURCE DATA FOUND
- Source citation: Work cat.: (Co-BoUCM): Febrero, Jose 1733?-1790 38966, Adiciones a la primera y segunda parte del febrero reformado y anotado, 1803